| 000 | 00499cam a2200181ua 4500 | ||
|---|---|---|---|
| 020 | _c1200.00 | ||
| 041 |
_aeng _h |
||
| 082 |
_a380 _bPAU/OB |
||
| 100 | _aPaul, Narinder . | ||
| 245 |
_aObjective fundamentals for professionals in extension education / _cNarinder Paul. _hTextual Documents |
||
| 260 |
_aUdaypur : _bAgro-tech publishing academy , _c2007. |
||
| 300 | _a446 ; . | ||
| 365 | _a1200.00 | ||
| 504 | _a | ||
| 700 | 1 | _aSharma, V P . | |
| 942 | _cBK | ||
| 999 |
_c13317 _d13317 |
||